Govt. of
Madhya Pradesh

Pratap Singh Gaekwad Library of Indian Philosophy And Religion (Record no. 35211)

MARC details
000 -LEADER
fixed length control field 004690000a22001690004500
003 - CONTROL NUMBER IDENTIFIER
control field MACL
005 - DATE AND TIME OF LATEST TRANSACTION
control field 20160107174029.0
008 - FIXED-LENGTH DATA ELEMENTS--GENERAL INFORMATION
fixed length control field 160107b xxu||||| |||| 00| 0 eng d
040 ## - CATALOGING SOURCE
Original cataloging agency MACL
Transcribing agency MACL
041 ## - LANGUAGE CODE
Language code of text/sound track or separate title English
082 ## - DEWEY DECIMAL CLASSIFICATION NUMBER
Classification number 294.5/RAD
100 ## - MAIN ENTRY--PERSONAL NAME
Personal name Radhakrishnan, S
9 (RLIN) 673
245 ## - TITLE STATEMENT
Title Pratap Singh Gaekwad Library of Indian Philosophy And Religion
260 ## - PUBLICATION, DISTRIBUTION, ETC. (IMPRINT)
Name of publisher, distributor, etc. Benares Hindus University
Date of publication, distribution, etc. 1944
Place of publication, distribution, etc. Madras
650 ## - SUBJECT ADDED ENTRY--TOPICAL TERM
Topical term or geographic name as entry element Religion
9 (RLIN) 29438
942 ## - ADDED ENTRY ELEMENTS (KOHA)
Koha item type Books
Call number prefix 823/Sar
Source of classification or shelving scheme
Holdings
Withdrawn status Lost status Source of classification or shelving scheme Damaged status Not for loan Home library Current library Date acquired Total Checkouts Full call number Barcode Date last seen Uniform Resource Identifier Price effective from Koha item type
          MACL MACL 15/04/2015   823/Sar CLE006350 29/04/2015 35417 15/04/2015 Books